000 00646nam a2200241Ia 4500
003 OSt
005 20220928133425.0
006 a|||||r|||| 00| 0
007 ta
008 220927b |||||||| |||| 00| 0 eng d
024 _a130476
037 _cTextual
040 _aSDCL
_cSDCL
_beng
041 _2eng
_aeng
082 _aS8g, K9.4
100 _aLindzey Gardner Ed.
245 0 _aHandbook of social psychology.
250 _a2
260 _aNew Delhi
_bAmerind Publishing
_c1969
700 _a Aronson Elliot Ed.
942 _hS8g, K9.4
_cTEXL
_2CC
999 _c799591
_d799591